Комментарий к Гражданскому процессуальному кодексу Российской Федерации

Dades bibliogràfiques
Altres autors: Радченко В. И. (редактор)
Sumari:Исключено из фонда НТБ ТПУ
Idioma:rus
Publicat: Москва, Норма, 2006
Edició:2-е изд., перераб. и доп.
Format: MixedMaterials Llibre
KOHA link:https://koha.lib.tpu.ru/cgi-bin/koha/opac-detail.pl?biblionumber=125427

MARC

LEADER 00000nam0a2200000 4500
001 125427
005 20231031131345.0
010 |a 589123985X 
035 |a (RuTPU)RU\TPU\book\135729 
090 |a 125427 
100 |a 20071115d2006 k y0rusy50 ca 
101 0 |a rus 
102 |a RU 
105 |a y n 000zy 
200 1 |a Комментарий к Гражданскому процессуальному кодексу Российской Федерации  |f под ред. В. И. Радченко 
205 |a 2-е изд., перераб. и доп. 
210 |a Москва  |c Норма  |d 2006 
215 |a 928 с. 
333 |a Исключено из фонда НТБ ТПУ 
702 1 |a Радченко  |b В. И.  |4 340 
801 1 |a RU  |b 63413507  |c 20071115  |g PSBO 
801 2 |a RU  |b 63413507  |c 20210124  |g PSBO 
942 |c BK